[Event "DEN-ch sf3"]
[Site "Svendborg"]
[Date "2024.03.29"]
[Round "5"]
[White "Hansen, Anders1"]
[Black "Dithlevsen, Birgit"]
[Result "1-0"]
[WhiteElo "1673"]
[BlackElo "1668"]
[PlyCount "93"]
[EventDate "2024.03.29"]
[EventType "swiss"]
[EventRounds "5"]
[EventCountry "DEN"]
[SourceTitle "CBM 219 Extra"]
[Source "ChessBase"]
[SourceDate "2024.05.31"]
[SourceVersion "1"]
[SourceVersionDate "2024.05.31"]
[SourceQuality "1"]

1. b3 d5 2. Bb2 Nc6 3. e3 Bf5 4. Nf3 Nf6 5. Be2 e6 6. 0-0 Bd6 7. d3 0-0 8. Nbd2 h6 9. c4 Nb4 10. Bxf6 Qxf6 11. e4 Bg6 12. a3 Nc6 13. b4 b6 14. cxd5 exd5 15. exd5 Nd4 16. Ne4 Nxf3+ 17. Bxf3 Bxe4 18. dxe4 Qe5 19. g3 f5 20. exf5 Rxf5 21. Bg4 Rf6 22. Ra2 Raf8 23. Rd2 a5 24. Re1 Qg5 25. h4 Qg6 26. Bh5 Qh7 27. Re6 Qf5 28. Rxf6 Qxf6 29. bxa5 bxa5 30. a4 Bc5 31. Qe2 Kh8 32. Kg2 Qd8 33. Bf3 Qf6 34. Rc2 Bd6 35. Rd2 Qd8 36. Qd3 Bb4 37. Rc2 c5 38. Rc4 Qd7 39. Bd1 Rf5 40. d6 Rf6 41. Bc2 g6 42. Qe3 Rxd6 43. Qxh6+ Qh7 44. Qf8+ Qg8 45. Qxd6 Qxc4 46. Qxg6 Qg8 47. Qh6+ 1-0